Contratos asociativos (Registro nro. 21278)

Detalles MARC
000 -LEADER
fixed length control field 00315 a2200109 4500
001 - CONTROL NUMBER
control field ART_48387
005 - DATE AND TIME OF LATEST TRANSACTION
control field 20260410161809.0
008 - FIXED-LENGTH DATA ELEMENTS--GENERAL INFORMATION
fixed length control field 260409a
100 1# - MAIN ENTRY--PERSONAL NAME
Personal name Arduino, Augusto H.L.
245 10 - TITLE STATEMENT
Title Contratos asociativos
773 0# - HOST ITEM ENTRY
Title Doctrina Societaria y Concursal
Related parts - N° 375 (feb. 2019)
Record control number REV4298

No hay ítems disponibles.